Born in Alexandria/Virginia - Statistics

General Stats
  • This quiz has been taken 20 times
  • The average score is 3 of 8
Answer Stats
Hint Answer % Correct
Wide receiver who plays for the Buffalo Bills 1993 Stefon Diggs
59%
Drummer of "The Police" from 1977 to 1986 and again from 2007 to 2008 and composer for films like "Wall Street" 1952 Stewart Copeland
59%
Senator from Maine since 2013 and Governor of Maine from 1995 to 2003 1944 Angus King
41%
Actor and comedian, "The Drew Carey Show" "Napoleon Dynamite" "American Housewife" 1966 Diedrich Bader
35%
Hall of Fame small forward and first African American to play a game in the NBA 1928 Earl Lloyd
24%
Hall of Fame pitcher and considered one of the best pitchers of the Negro leagues 1916 Leon Day
18%
General manager of the Minnesota Twins since 2016 1971 Thad Levine
18%
Broadway director, known for directing "Hamilton" and "In the Heights" 1978 Thomas Kail
18%
No matching quizzes found
Score Distribution
Percent of People with Each Score
Percentile by Number Answered
Your Score History
You have not taken this quiz